Československo mezi přestavbou a revolucí Politický deník 1987-1991
Salvato in:
| Autore principale: | |
|---|---|
| Natura: | Libro |
| Lingua: | ceco |
| Pubblicazione: |
Praha
Pražská imaginace
1991
|
| Edizione: | 1. vyd. |
| Soggetti: | |
| Tags: |
Nessun Tag, puoi essere il primo ad aggiungerne!!
|
MARC
| LEADER | 00000nam a2200000 4500 | ||
|---|---|---|---|
| 001 | c002746 | ||
| 005 | 20221214093334.8 | ||
| 020 | |a 80-7110-053-6 | ||
| 041 | 0 | |a cze | |
| 044 | |a CZ | ||
| 245 | 1 | 0 | |a Československo mezi přestavbou a revolucí |b Politický deník 1987-1991 |c Viliam Horňák |
| 250 | |a 1. vyd. | ||
| 264 | 1 | |a Praha |b Pražská imaginace |c 1991 | |
| 300 | |a 58 s. | ||
| 610 | 2 | 0 | |a ČSFR |
| 610 | 2 | 0 | |a politika |
| 610 | 2 | 0 | |a 1987-1991 |
| 610 | 2 | 0 | |a vývoj spoločenský |
| 610 | 2 | 0 | |a revolúcia |
| 100 | 1 | |a Horňák, Viliam | |